| 000 | 00556nam a2200229Ia 4500 | ||
|---|---|---|---|
| 005 | 20260320202057.0 | ||
| 008 | 008 262003s9999 xx 000 0 eng d | ||
| 037 | _aEBOOK | ||
| 040 | _aCRL | ||
| 040 | _beng | ||
| 040 | _cCRL | ||
| 041 | _2eng | ||
| 041 | _aeng | ||
| 084 | _qCRL | ||
| 100 |
_aSiwiak _91136742 |
||
| 245 | 0 | _aStarting Data Analytics with Generative AI and Python | |
| 260 | _bIEEE | ||
| 856 | _uhttps://ieeexplore.ieee.org/servlet/opac?bknumber=10907833 | ||
| 942 | _cEBOOK | ||
| 999 |
_c1725175 _d1725175 |
||